Plants as food

Bibliographic Details
Main Author: McEvoy, Paul
Format: Book
Published: Mesir : The Modern House for Publishing & Distribution , 2003
Series:Go facts plants
Subjects:

MARC

LEADER 00000cam a2200000 7i4500
001 0000006235
005 20151222.0
008 070815
020 |a 1865094617 
090 0 0 |a JF   |b ENG (6312) 
100 1 |a McEvoy, Paul 
245 1 0 |a Plants as food   |c Paul McEvoy 
260 |a Mesir :   |b The Modern House for Publishing & Distribution ,   |c 2003 
440 |a Go facts plants 
500 |a Children ages 7-9 years old (orange) 
650 0 |a Junior fiction   |x English   |x Languages 
999 |a 0000984422   |b Book   |c Children Collection   |e Perbadanan Perpustakaan Awam Johor 
999 |a 0000984423   |b Book   |c Children Collection   |e Perbadanan Perpustakaan Awam Johor 
999 |a 0000984424   |b Book   |c Children Collection   |e Cawangan Sri Merlong